[Event "ch-FRA Accession 2014"]
[Site "Nimes FRA"]
[Date "2014.08.20"]
[Round "4.1"]
[White "Barbot, Pierre1"]
[Black "Lagarde, Maxime"]
[Result "1/2-1/2"]
[WhiteTitle "FM"]
[BlackTitle "GM"]
[WhiteElo "2409"]
[BlackElo "2534"]
[WhiteFideId "663727"]
[BlackFideId "662399"]
[EventDate "2014.08.17"]
[EventType "swiss"]

1. d4 f5 2. c4 Nf6 3. Nc3 d6 4. g3 c6 5. Bg2 e5 6. dxe5 dxe5 7. Qxd8+ Kxd8 8.
Nf3 Bd6 9. e4 Na6 10. Be3 Ng4 11. Bg5+ Kc7 12. h3 Nf6 13. Nh4 fxe4 14. Nxe4 Nxe4
15. Bxe4 Nc5 16. Bc2 Ne6 17. Be3 Nd4 18. Bxd4 exd4 19. O-O-O c5 20. Nf5 Bxf5 21.
Bxf5 Raf8 22. Be4 Rxf2 23. Rhf1 Bxg3 24. Rxf2 Bxf2 25. Rf1 Re8 26. Bd3 Be3+ 27.
Kd1 Bh6 28. Rf3 Kd6 29. Bxh7 b5 30. Bg6 Re5 31. Bd3 Rg5 32. cxb5 Rg2 33. Be2 c4
34. Bxc4 Rxb2 35. Ra3 Kc5 36. Be2 Be3 37. h4 Rd2+ 38. Ke1 Kb4 39. Rb3+ Ka4 40.
Bd1 Ka5 41. Ra3+ Kxb5 42. Rxa7 Rg2 43. Be2+ Kb4 44. Rb7+ Ka3 45. Bc4 Rc2 46.
Rb3+ Ka4 47. Rxe3 Rxc4 48. Rg3 d3 1/2-1/2

[Event "ch-FRA Accession 2014"]
[Site "Nimes FRA"]
[Date "2014.08.20"]
[Round "4.2"]
[White "Velten, Paul"]
[Black "Mancini, Mario"]
[Result "1/2-1/2"]
[WhiteTitle "IM"]
[BlackTitle "FM"]
[WhiteElo "2437"]
[BlackElo "2209"]
[WhiteFideId "681091"]
[BlackFideId "605077"]
[EventDate "2014.08.17"]
[EventType "swiss"]

1. d4 Nf6 2. Nf3 e6 3. Bg5 h6 4. Bxf6 Qxf6 5. e4 Nc6 6. Bb5 a6 7. Bxc6 bxc6 8.
O-O Be7 9. Nc3 O-O 10. Ne5 c5 11. Ng4 Qxd4 12. Qf3 h5 13. Ne3 g6 14. Rad1 Qf6
15. Qg3 d6 16. f4 Bb7 17. Qf3 Qg7 18. Nc4 Rab8 19. Qe2 Ba8 20. Rd3 Bc6 21. a4
Rb4 22. b3 Re8 23. h3 Bf8 24. Re3 Rbb8 25. g4 hxg4 26. hxg4 f5 27. Na5 Bd7 28.
Rg3 Qd4+ 29. Rf2 Bg7 30. gxf5 exf5 31. Nc4 fxe4 32. Nd1 Kf7 33. Nce3 c6 34. f5
gxf5 35. Nxf5 Bxf5 36. Ne3 Re5 37. Nxf5 Rxf5 38. Qh5+ Ke7 39. Qxf5 Rf8 40. Qg5+
Bf6 41. Qe3 d5 42. Kg2 Qxe3 43. Rxe3 Rh8 44. Rh3 Rxh3 45. Kxh3 Ke6 46. Kg2 Bc3
47. Kf1 d4 48. Ke2 a5 49. Rf8 Kd5 50. Rd8+ Ke5 51. Re8+ Kd5 52. Rd8+ Ke5 53.
Re8+ 1/2-1/2

[Event "ch-FRA Accession 2014"]
[Site "Nimes FRA"]
[Date "2014.08.20"]
[Round "4.3"]
[White "Favarel, Antoine"]
[Black "Demuth, Adrien"]
[Result "0-1"]
[WhiteTitle "FM"]
[BlackTitle "IM"]
[WhiteElo "2362"]
[BlackElo "2518"]
[WhiteFideId "642371"]
[BlackFideId "642274"]
[EventDate "2014.08.17"]
[EventType "swiss"]

1. d4 Nf6 2. c4 c5 3. d5 g6 4. Nc3 Bg7 5. e4 O-O 6. Bd3 e6 7. Nge2 exd5 8. exd5
d6 9. Bg5 Nbd7 10. f4 h6 11. Bh4 g5 12. Bg3 Ng4 13. O-O Ne3 14. Qd2 Nxf1 15.
Rxf1 gxf4 16. Bxf4 Ne5 17. Bxh6 Bxh6 18. Qxh6 f5 19. Ng3 Qf6 20. Qxf6 Rxf6 21.
Bxf5 Bxf5 22. Rxf5 Rxf5 23. Nxf5 Nxc4 24. b3 Rf8 25. g4 Ne5 26. h3 c4 27. b4 a6
28. Kg2 Nd3 29. a3 Ne1+ 30. Kg3 Nc2 31. a4 Nxb4 32. Nxd6 b6 33. h4 Rd8 34. Nde4
Kf7 35. d6 Ke6 36. h5 Nd5 37. Ng5+ Kf6 38. Nce4+ Ke5 39. h6 Nf6 40. Nf7+ Kxe4
41. Nxd8 c3 42. Nf7 c2 43. h7 c1=Q 44. h8=Q Qg1+ 45. Kh3 Qh1+ 46. Kg3 Qf3+ 0-1

[Event "ch-FRA Accession 2014"]
[Site "Nimes FRA"]
[Date "2014.08.20"]
[Round "4.4"]
[White "Moussard, Jules"]
[Black "Battaglini, Gabriel"]
[Result "1-0"]
[WhiteTitle "IM"]
[BlackTitle "IM"]
[WhiteElo "2423"]
[BlackElo "2431"]
[WhiteFideId "642908"]
[BlackFideId "621650"]
[EventDate "2014.08.17"]
[EventType "swiss"]

1. d4 Nf6 2. c4 c5 3. d5 b5 4. cxb5 a6 5. b6 d6 6. a4 Qxb6 7. a5 Qa7 8. Nc3 g6
9. e4 Bg7 10. h3 Nbd7 11. Nf3 Rb8 12. Bc4 O-O 13. O-O Ne8 14. Qe2 Nc7 15. Ra3
Re8 16. Rb3 Rxb3 17. Bxb3 Nb5 18. Bd2 Nd4 19. Nxd4 Bxd4 20. Na4 Ne5 21. Bf4 f5
22. Bxe5 Bxe5 23. exf5 Bxf5 24. Nb6 Kg7 25. Kh1 g5 26. Qh5 Bg6 27. Qxg5 Bxb2 28.
Bc2 Bf6 29. Qg4 Kh8 30. Bxg6 Rg8 31. Re1 Rxg6 32. Qc4 Qb7 33. Re6 Kg7 34. Qe2
Be5 35. f4 Rxe6 36. dxe6 Bf6 37. Kh2 h5 38. h4 Kh6 39. Qd3 Bxh4 40. Qf5 c4 41.
Qf8+ Kh7 42. Qf7+ Kh6 43. f5 Kg5 44. f6 Kf5 45. fxe7+ 1-0

[Event "ch-FRA Accession 2014"]
[Site "Nimes FRA"]
[Date "2014.08.20"]
[Round "4.5"]
[White "Wirig, Anthony"]
[Black "Bellahcene, Bilel"]
[Result "1/2-1/2"]
[WhiteTitle "GM"]
[BlackTitle "FM"]
[WhiteElo "2506"]
[BlackElo "2357"]
[WhiteFideId "615013"]
[BlackFideId "696358"]
[EventDate "2014.08.17"]
[EventType "swiss"]

1. e4 c5 2. b3 Nc6 3. Bb2 a6 4. g3 d5 5. exd5 Qxd5 6. Qf3 Qd6 7. Bg2 Nf6 8. Na3
Nd4 9. Bxd4 cxd4 10. Nc4 Qc5 11. Qf4 g5 12. Qe5 Qxe5+ 13. Nxe5 Bg7 14. Ne2 O-O
15. c3 dxc3 16. dxc3 Nd7 17. Nxd7 Bxd7 18. Bxb7 Ra7 19. Bg2 Bb5 20. Rd1 Bxe2 21.
Kxe2 Bxc3 22. Rd5 Bf6 23. Rc1 e6 24. Rd3 a5 25. Rc4 Rb8 26. Bc6 Rb4 27. Rd7 Rxd7
28. Bxd7 Rxc4 29. bxc4 Bd4 30. h3 Kf8 31. f3 Ke7 32. Bb5 h5 33. Kd3 Bf2 34. g4
hxg4 35. hxg4 f5 36. gxf5 exf5 37. Ke2 Bc5 38. a4 Kd6 39. Kf1 Ke7 40. Ke2 Kd6
41. Kf1 Ke7 1/2-1/2

[Event "ch-FRA Accession 2014"]
[Site "Nimes FRA"]
[Date "2014.08.20"]
[Round "4.6"]
[White "Duboue, Peio"]
[Black "Bricard, Emmanuel"]
[Result "1-0"]
[BlackTitle "GM"]
[WhiteElo "2272"]
[BlackElo "2457"]
[WhiteFideId "654833"]
[BlackFideId "600245"]
[EventDate "2014.08.17"]
[EventType "swiss"]

1. e4 e5 2. Nf3 Nc6 3. d4 d6 4. dxe5 dxe5 5. Qxd8+ Kxd8 6. Bb5 f6 7. Be3 Be6 8.
Nc3 Nge7 9. O-O-O+ Kc8 10. Na4 Ng6 11. Bxc6 bxc6 12. Bc5 Bg4 13. Rd2 Nf4 14. Ne1
Rb8 15. f3 Bd7 16. Nd3 Rb5 17. Bxf8 Nxd3+ 18. Rxd3 Rxf8 19. a3 Ra5 20. Nc3 f5
21. exf5 Bxf5 22. Re3 g5 23. Ne4 Bxe4 24. Rxe4 Rf4 25. Rhe1 Rxe4 26. Rxe4 h5 27.
h4 gxh4 28. Rxh4 e4 29. Rxe4 Rg5 30. g4 Kd7 31. Kd2 a5 32. Ke3 hxg4 33. fxg4 Rg8
34. Kf4 Rf8+ 35. Kg3 Rg8 36. Re5 Kd6 37. Rxa5 1-0

[Event "ch-FRA Accession 2014"]
[Site "Nimes FRA"]
[Date "2014.08.20"]
[Round "4.7"]
[White "Navrotescu, Catalin"]
[Black "Le Ruyet, Leopold"]
[Result "1-0"]
[WhiteTitle "IM"]
[WhiteElo "2406"]
[BlackElo "2263"]
[WhiteFideId "1200208"]
[BlackFideId "645923"]
[EventDate "2014.08.17"]
[EventType "swiss"]

1. d4 Nf6 2. c4 e6 3. Nc3 c5 4. d5 exd5 5. cxd5 d6 6. e4 g6 7. Nge2 Bg7 8. Ng3
h5 9. Be2 Qd7 10. O-O O-O 11. Bg5 a6 12. f4 Qc7 13. e5 Ng4 14. Qd2 dxe5 15. d6
Qa5 16. f5 gxf5 17. Nxh5 f4 18. Nxg7 Kxg7 19. Bxf4 exf4 20. Rxf4 Ne5 21. Rh4 Ng6
22. Qh6+ Kf6 23. Re4 c4 24. Rf1+ Bf5 25. g4 1-0

[Event "ch-FRA Accession 2014"]
[Site "Nimes FRA"]
[Date "2014.08.20"]
[Round "4.8"]
[White "Gervasio, Ricardo"]
[Black "Song, Julien"]
[Result "1-0"]
[BlackTitle "IM"]
[WhiteElo "2239"]
[BlackElo "2403"]
[WhiteFideId "2104997"]
[BlackFideId "659487"]
[EventDate "2014.08.17"]
[EventType "swiss"]

1. Nf3 Nf6 2. c4 e6 3. g3 a6 4. Bg2 b5 5. b3 Bb7 6. O-O c5 7. Bb2 Be7 8. d3 d5
9. Nbd2 O-O 10. e3 Nc6 11. Qe2 bxc4 12. bxc4 a5 13. Rac1 Qb6 14. Rb1 Qa7 15. Ne5
Rac8 16. Ndf3 dxc4 17. Nxc4 Ba6 18. Nfe5 Nxe5 19. Nxe5 Nd5 20. Nc4 Rfd8 21. Rfd1
Bf8 22. a3 Bxc4 23. dxc4 Nb6 24. Rdc1 Qc7 25. Ba1 Rd7 26. Rb5 Rcd8 27. Bc3 a4
28. Ba5 Rd6 29. Rcb1 Rb8 30. Qb2 Nxc4 31. Bxc7 Nxb2 32. Rxb8 1-0

[Event "ch-FRA Accession 2014"]
[Site "Nimes FRA"]
[Date "2014.08.20"]
[Round "4.9"]
[White "Brochet, Philippe"]
[Black "Mirimanian, Hayk"]
[Result "1/2-1/2"]
[WhiteTitle "IM"]
[WhiteElo "2400"]
[BlackElo "2260"]
[WhiteFideId "602469"]
[BlackFideId "4700180"]
[EventDate "2014.08.17"]
[EventType "swiss"]

1. e4 e5 2. Nc3 Nc6 3. Bc4 g6 4. d3 Bg7 5. f4 d6 6. Nf3 Na5 7. Bb3 Nxb3 8. axb3
Ne7 9. O-O O-O 10. fxe5 dxe5 11. Bg5 h6 12. Bh4 Be6 13. Kh1 Qd7 14. Nd2 g5 15.
Bf2 b6 16. Nc4 Nc6 17. Ne3 Nd4 18. Bg3 c6 19. Ne2 f5 20. Nxd4 exd4 21. Nxf5 Bxf5
22. exf5 Rxf5 23. Rxf5 Qxf5 24. Qe2 Qd7 25. Re1 Rf8 26. Kg1 Rf7 27. Qe4 Qc8 28.
Qg6 Qd7 29. Bd6 Qd8 30. Re6 Qd7 31. Qe4 Bf6 32. Qg6+ Bg7 33. Be5 Re7 34. Rd6 Qe8
35. Qxe8+ Rxe8 36. Bxg7 Kxg7 37. Rxc6 Re2 38. b4 b5 39. b3 h5 40. Kf1 Rd2 41.
Rc5 Kf6 42. Rxb5 Rxc2 43. Rd5 Rb2 44. Rxd4 Rxb3 45. Ke2 g4 46. Kf2 Ke5 47. Re4+
Kf5 48. Ke3 Rb2 49. Rf4+ Ke6 50. Rf2 Rxb4 51. Ra2 Kf6 52. g3 Rb7 53. Ke4 Rb4+
54. Kd5 a5 55. d4 a4 56. Kc5 Rb3 57. Rxa4 Rb2 58. d5 Rxh2 59. Ra3 h4 60. gxh4
Rxh4 61. d6 Rh1 62. Rd3 Rc1+ 63. Kb6 Rb1+ 64. Kc7 Rc1+ 65. Kb7 Rb1+ 66. Kc8 Rc1+
67. Kd8 Rh1 68. d7 Kf5 69. Kc7 Rh8 70. d8=Q Rxd8 71. Rxd8 g3 72. Kd6 Kf4 73.
Rf8+ Ke3 74. Re8+ Kf2 75. Rf8+ Ke3 76. Rg8 Kf2 77. Ke5 g2 78. Kf4 g1=Q 79. Rxg1
Kxg1 1/2-1/2

[Event "ch-FRA Accession 2014"]
[Site "Nimes FRA"]
[Date "2014.08.20"]
[Round "4.10"]
[White "Collas, Didier"]
[Black "Briet, Antoine"]
[Result "1/2-1/2"]
[WhiteTitle "IM"]
[BlackTitle "FM"]
[WhiteElo "2362"]
[BlackElo "2254"]
[WhiteFideId "602680"]
[BlackFideId "644641"]
[EventDate "2014.08.17"]
[EventType "swiss"]

1. d4 Nf6 2. Nf3 g6 3. Nbd2 Bg7 4. e4 O-O 5. c3 d6 6. a4 c5 7. dxc5 dxc5 8. Qc2
Nc6 9. Nc4 Qc7 10. Be2 Nh5 11. O-O Nf4 12. Bxf4 Qxf4 13. Rfe1 Be6 14. Ne3 Rad8
15. Rad1 Qb8 16. Nd5 Bc8 17. Bb5 Kh8 18. Be2 e6 19. Ne3 b6 20. Rxd8 Rxd8 21. Rd1
Bb7 22. Nc4 Kg8 23. g3 Kf8 24. Rxd8+ Qxd8 25. Kf1 g5 26. h3 h6 27. Nh2 Ne5 28.
Nxe5 Bxe5 29. Ng4 Bg7 30. f3 Qc7 31. Qd2 Ke7 32. Kg2 Qd6 33. Qxd6+ Kxd6 34. Ne3
a6 35. Bd3 Bc6 36. Bxa6 Bxa4 37. Bd3 Bc6 38. Kf2 b5 39. f4 c4 40. e5+ Kc5 41.
Be2 Be4 42. h4 Bg6 43. h5 Bh7 44. Ke1 f6 45. exf6 Bxf6 46. Ng4 Bg7 47. Kd2 gxf4
48. gxf4 Bg8 49. Ke3 Bf7 50. Ne5 Be8 51. Ke4 Bf8 52. Bg4 Kd6 53. Kd4 Be7 54. Be2
Bh4 55. Ke4 Be1 56. Ke3 Kc5 57. Bg4 Bh4 1/2-1/2

[Event "ch-FRA Accession 2014"]
[Site "Nimes FRA"]
[Date "2014.08.20"]
[Round "4.11"]
[White "Buscara, Sevan"]
[Black "Meynard, Thibault"]
[Result "1-0"]
[WhiteTitle "FM"]
[WhiteElo "2348"]
[BlackElo "2237"]
[WhiteFideId "650234"]
[BlackFideId "625493"]
[EventDate "2014.08.17"]
[EventType "swiss"]

1. g3 d5 2. Bg2 Nf6 3. d3 e5 4. Nf3 Nc6 5. O-O Be7 6. a3 a5 7. Nc3 O-O 8. e3 h6
9. h3 Be6 10. Kh2 Nh7 11. Ng1 f5 12. f4 Nf6 13. Nge2 Qd7 14. Nb5 Rad8 15. b3 e4
16. Bb2 Nb8 17. a4 c6 18. Na3 Na6 19. Rg1 Nb4 20. Bf1 Bc5 21. Nd4 Rde8 22. Qd2
Qe7 23. Re1 Bd7 24. Nb1 Kh7 25. Qd1 Qf7 26. Nd2 Qg6 27. dxe4 Nxe4 28. N2f3 Bd6
29. Rg2 Qf7 30. Kg1 g6 31. g4 Rg8 32. Bd3 Re7 33. Ree2 c5 34. Nb5 Bb8 35. Qe1 c4
36. bxc4 dxc4 37. Bxe4 fxe4 38. Ne5 Bxe5 39. Bxe5 Qe6 40. Nd6 Bc6 41. Qc3 Bd5
42. Nb5 Qf7 43. Nd4 Nc6 44. Nxc6 bxc6 45. Qxa5 Ra7 46. Qb4 Rga8 47. Bb2 Rxa4 48.
Qc3 Rg8 49. Ref2 Raa8 50. h4 Raf8 51. g5 Qf5 52. h5 Bf7 53. hxg6+ Rxg6 54. Qb4
c5 55. Qb7 Qd5 56. Qe7 Re8 57. Qc7 Qf5 58. Rd2 h5 59. Rd7 Kg8 60. Rd8 h4 61. Kh2
c3 62. Bxc3 h3 63. Rg3 Kf8 64. Rxh3 Rg8 65. Qd6# 1-0

[Event "ch-FRA Accession 2014"]
[Site "Nimes FRA"]
[Date "2014.08.20"]
[Round "4.12"]
[White "Mouhamad, Joachin"]
[Black "Houriez, Clement"]
[Result "1-0"]
[BlackTitle "FM"]
[WhiteElo "2224"]
[BlackElo "2295"]
[WhiteFideId "656410"]
[BlackFideId "649708"]
[EventDate "2014.08.17"]
[EventType "swiss"]

1. e4 c5 2. Nc3 d6 3. f4 Nc6 4. Nf3 g6 5. Bb5 Bd7 6. Bxc6 Bxc6 7. d3 Bg7 8. O-O
e6 9. Qe1 Ne7 10. Rb1 O-O 11. Qh4 Qd7 12. f5 exf5 13. Bh6 f6 14. Bxg7 Kxg7 15.
b4 b6 16. b5 Bb7 17. Rbe1 Rae8 18. Qh3 Qc8 19. Qg3 fxe4 20. dxe4 d5 21. Nh4 d4
22. e5 f5 23. Ne2 Nd5 24. Nf4 Nxf4 25. Qxf4 Qe6 26. a4 Be4 27. Nf3 h6 28. Rxe4
fxe4 29. Qxe4 Re7 30. Re1 Qf5 31. Qe2 g5 32. h3 Rfe8 33. Rf1 Rf8 34. Re1 Qf4 35.
Qd3 h5 36. Re4 Qf5 37. Qe2 Re6 38. h4 gxh4 39. Nxh4 Qg5 40. Nf3 Qg3 41. Nh4 Qg5
42. Nf3 Qc1+ 43. Kh2 Rxf3 44. Qxf3 Kg6 45. Qh3 Rf6 46. exf6 Kxf6 47. Qh4+ 1-0

[Event "ch-FRA Accession 2014"]
[Site "Nimes FRA"]
[Date "2014.08.20"]
[Round "4.13"]
[White "Kambrath, Yannick"]
[Black "Meunier, Clement2"]
[Result "0-1"]
[WhiteTitle "FM"]
[WhiteElo "2288"]
[BlackElo "2219"]
[WhiteFideId "20632525"]
[BlackFideId "20667930"]
[EventDate "2014.08.17"]
[EventType "swiss"]

1. d4 Nf6 2. c4 c5 3. d5 b5 4. cxb5 a6 5. Nc3 axb5 6. e4 b4 7. Nb5 d6 8. Bc4
Nbd7 9. Nf3 g6 10. b3 Bg7 11. Bb2 O-O 12. Qe2 Qb6 13. O-O Ba6 14. a4 bxa3 15.
Rxa3 Rab8 16. Nxd6 Bxc4 17. Nxc4 Qb5 18. Qc2 Ra8 19. Rfa1 Rxa3 20. Rxa3 Rb8 21.
h3 Ne8 22. Bxg7 Kxg7 23. Nfd2 Nd6 24. e5 Nxc4 25. Nxc4 Qb4 26. Ra7 Rb7 27. Rxb7
Qxb7 28. Qd3 Qa8 29. Kh2 Qa1 30. Qe3 Qd1 31. d6 exd6 32. exd6 Qd4 33. Qxd4+ cxd4
34. Kg3 Kf6 35. Kf4 Ke6 36. Ke4 Nc5+ 37. Kxd4 Nxb3+ 38. Kc3 Nc5 39. Kd4 Nb7 40.
f4 Nxd6 41. Nxd6 Kxd6 42. g4 h6 43. h4 h5 44. gxh5 gxh5 45. Ke4 Ke6 46. f5+ Kd6
47. Kd4 f6 48. Ke4 Kc5 49. Ke3 Kd5 50. Kf4 Kd4 51. Kf3 Ke5 52. Ke3 Kxf5 53. Kf3
Ke5 54. Ke3 f5 55. Kf3 f4 56. Kf2 Ke4 57. Ke2 f3+ 58. Kf2 Kf4 59. Kf1 Kg3 60.
Kg1 Kxh4 0-1

[Event "ch-FRA Accession 2014"]
[Site "Nimes FRA"]
[Date "2014.08.20"]
[Round "4.14"]
[White "Fantinel, Thibault"]
[Black "Burri, Quentin"]
[Result "1/2-1/2"]
[WhiteTitle "FM"]
[WhiteElo "2272"]
[BlackElo "2211"]
[WhiteFideId "663395"]
[BlackFideId "26028654"]
[EventDate "2014.08.17"]
[EventType "swiss"]

1. c4 Nf6 2. Nc3 e5 3. Nf3 Nc6 4. g3 Nd4 5. Bg2 Nxf3+ 6. Bxf3 Bb4 7. d4 e4 8.
Bg2 O-O 9. Qb3 Bxc3+ 10. Qxc3 h6 11. O-O Re8 12. d5 d6 13. b3 Bg4 14. Qe3 Qd7
15. Bb2 Nh7 16. Qd4 f6 17. Rfe1 Qf5 18. h4 Kf7 19. f3 Bh3 20. fxe4 Qg4 21. e5
fxe5 22. Qxg4 Bxg4 23. c5 Nf6 24. Rac1 Rac8 25. Rc4 b6 26. b4 Ke7 27. e4 Rf8 28.
Rec1 Kd7 29. R4c3 Rfe8 30. Bf1 Kd8 31. Ba6 Rb8 32. cxd6 cxd6 33. Rc6 Bd7 34.
Rxd6 Nxe4 35. Rg6 b5 36. a4 bxa4 37. Bd3 Rxb4 38. Bxe4 Rxb2 39. Ra6 Re2 40. Bg6
Rf8 41. Rxa7 Rb2 42. d6 Rb8 43. Rcc7 Bh3 44. Kh2 Be6 45. Rxa4 Rb2+ 46. Kg1 Bd5
47. Be4 Bxe4 48. Rxe4 Rff2 49. Ra4 Rg2+ 50. Kf1 Rbf2+ 1/2-1/2

[Event "ch-FRA Accession 2014"]
[Site "Nimes FRA"]
[Date "2014.08.20"]
[Round "4.15"]
[White "Le Corre, Benjamin"]
[Black "Domenech, Vianney"]
[Result "1-0"]
[WhiteTitle "FM"]
[WhiteElo "2266"]
[BlackElo "2238"]
[WhiteFideId "639605"]
[BlackFideId "656089"]
[EventDate "2014.08.17"]
[EventType "swiss"]

1. e4 c6 2. d4 d5 3. f3 e5 4. dxe5 Bc5 5. Nc3 Qb6 6. Na4 Qa5+ 7. c3 Bxg1 8. Rxg1
dxe4 9. Qd4 Ne7 10. Bg5 Ng6 11. b4 Qc7 12. O-O-O O-O 13. Qd6 Qd7 14. Nc5 Qf5 15.
f4 h5 16. h3 h4 17. Be2 b6 18. Bg4 bxc5 19. Bxf5 Bxf5 20. g4 hxg3 21. Rxg3 cxb4
22. h4 Re8 23. h5 Nf8 24. Bh6 g6 25. Qf6 Ne6 26. hxg6 Bxg6 27. Rxg6+ fxg6 28.
Qxg6+ Kh8 29. Rh1 1-0

[Event "ch-FRA Accession 2014"]
[Site "Nimes FRA"]
[Date "2014.08.21"]
[Round "5.1"]
[White "Lagarde, Maxime"]
[Black "Moussard, Jules"]
[Result "1-0"]
[WhiteTitle "GM"]
[BlackTitle "IM"]
[WhiteElo "2534"]
[BlackElo "2423"]
[WhiteFideId "662399"]
[BlackFideId "642908"]
[EventDate "2014.08.17"]
[EventType "swiss"]

1. e4 e6 2. d4 d5 3. Nd2 h6 4. Bd3 c5 5. dxc5 Bxc5 6. Ngf3 Nf6 7. Qe2 Nc6 8. c3
a6 9. O-O Qc7 10. e5 Nd7 11. Nb3 Be7 12. Re1 g5 13. h3 Rg8 14. Nbd4 h5 15. g4
hxg4 16. hxg4 Na5 17. b3 b5 18. Bc2 Nb6 19. Bd2 Nb7 20. b4 Bd7 21. Kg2 Rc8 22.
Bh7 Rg7 23. Rh1 Nc4 24. Rac1 a5 25. Bd3 Rg8 26. Rc2 Qb6 27. Rh7 Na3 28. Rc1 axb4
29. Rch1 Bc6 30. cxb4 Nc4 31. a3 Ra8 32. Bc1 Nd8 33. Rh8 Rxh8 34. Rxh8+ Kd7 35.
Rg8 Nxa3 36. Nxc6 Qxc6 37. Bxa3 1-0

[Event "ch-FRA Accession 2014"]
[Site "Nimes FRA"]
[Date "2014.08.21"]
[Round "5.2"]
[White "Mancini, Mario"]
[Black "Barbot, Pierre1"]
[Result "1-0"]
[WhiteTitle "FM"]
[BlackTitle "FM"]
[WhiteElo "2209"]
[BlackElo "2409"]
[WhiteFideId "605077"]
[BlackFideId "663727"]
[EventDate "2014.08.17"]
[EventType "swiss"]

1. d4 Nf6 2. c4 g6 3. g3 Bg7 4. Bg2 O-O 5. Nc3 d6 6. Nf3 Nbd7 7. O-O e5 8. h3
exd4 9. Nxd4 Re8 10. e4 a6 11. Be3 Rb8 12. a4 a5 13. Ndb5 Ne5 14. b3 Nc6 15. Ra2
Nb4 16. Rd2 Qe7 17. Qc1 Be6 18. Rfd1 Rbc8 19. Kh2 Nd7 20. Nd5 Bxd5 21. cxd5 h5
22. Na7 h4 23. Nxc8 hxg3+ 24. Kxg3 Rxc8 25. Kh2 Qh4 26. Qc4 Ne5 27. Qe2 g5 28.
Kg1 Re8 29. Qb5 Rf8 30. Qxa5 Na6 31. Qb5 g4 32. hxg4 Nxg4 33. Bf4 f5 34. exf5
Rxf5 35. Bg3 Qh5 36. Re1 Be5 37. Bxe5 dxe5 38. d6 cxd6 39. Qd5+ Kh8 40. Qxd6
Qh2+ 41. Kf1 Qf4 42. Re4 Nh2+ 43. Kg1 Nf3+ 44. Bxf3 Qxf3 45. Rh4+ Kg7 46. Qh6+ 1-0

[Event "ch-FRA Accession 2014"]
[Site "Nimes FRA"]
[Date "2014.08.21"]
[Round "5.3"]
[White "Demuth, Adrien"]
[Black "Navrotescu, Catalin"]
[Result "1-0"]
[WhiteTitle "IM"]
[BlackTitle "IM"]
[WhiteElo "2518"]
[BlackElo "2406"]
[WhiteFideId "642274"]
[BlackFideId "1200208"]
[EventDate "2014.08.17"]
[EventType "swiss"]

1. d4 g6 2. c4 Bg7 3. Nc3 c5 4. d5 d6 5. e4 e6 6. Bd3 exd5 7. exd5 Ne7 8. Nf3
Bg4 9. h3 Bxf3 10. Qxf3 Nd7 11. Bc2 O-O 12. O-O a6 13. a4 Re8 14. b3 Be5 15. Bd2
Kg7 16. Rae1 Ng8 17. g4 Qh4 18. Kg2 Ngf6 19. g5 Nh5 20. Re4 Bf4 21. Rxf4 Qxg5+
22. Qg4 Nxf4+ 23. Bxf4 Qe7 24. Qg3 Ne5 25. Ne4 f6 26. Bd2 b5 27. f4 Nd7 28. Bc3
bxc4 29. bxc4 1-0

[Event "ch-FRA Accession 2014"]
[Site "Nimes FRA"]
[Date "2014.08.21"]
[Round "5.4"]
[White "Le Corre, Benjamin"]
[Black "Velten, Paul"]
[Result "1/2-1/2"]
[WhiteTitle "FM"]
[BlackTitle "IM"]
[WhiteElo "2266"]
[BlackElo "2437"]
[WhiteFideId "639605"]
[BlackFideId "681091"]
[EventDate "2014.08.17"]
[EventType "swiss"]

1. e4 e6 2. d4 d5 3. Nc3 Nc6 4. Nf3 Nf6 5. e5 Ne4 6. Bd3 Bb4 7. Bd2 Nxd2 8. Qxd2
Bd7 9. a3 Be7 10. Ne2 a6 11. h4 Nxd4 12. Nexd4 c5 13. Qf4 cxd4 14. Ng5 f5 15. g4
h6 16. Nf3 Qa5+ 17. Ke2 O-O-O 18. gxf5 exf5 19. Rhg1 g5 20. hxg5 hxg5 21. Nxg5
Qb6 22. b4 Qh6 23. Rg3 Rhe8 24. Kf3 Rg8 25. Nh3 Qh5+ 26. Kg2 Rg4 27. e6 Rxf4 28.
Nxf4 Qh6 29. exd7+ Rxd7 30. Ng6 Bd6 31. f4 Bxf4 32. Nxf4 Qxf4 33. Rf1 Qe5 34.
Bxf5 b6 35. Bxd7+ Kxd7 36. Rf2 Kc6 37. Rd3 Kb5 38. Rfd2 Kc4 39. Kf3 a5 40. bxa5
bxa5 41. Kg4 Qg7+ 42. Kf5 a4 43. Kf4 Qg1 44. Kf3 Kc5 45. Kf4 Qf1+ 46. Kg3 Qf5
47. Kg2 Qf4 48. Kg1 Qg5+ 49. Kf2 Qf4+ 1/2-1/2

[Event "ch-FRA Accession 2014"]
[Site "Nimes FRA"]
[Date "2014.08.21"]
[Round "5.5"]
[White "Bellahcene, Bilel"]
[Black "Gervasio, Ricardo"]
[Result "1-0"]
[WhiteTitle "FM"]
[WhiteElo "2357"]
[BlackElo "2239"]
[WhiteFideId "696358"]
[BlackFideId "2104997"]
[EventDate "2014.08.17"]
[EventType "swiss"]

1. d4 g6 2. e4 c6 3. c4 d5 4. Nc3 dxe4 5. Nxe4 Bg7 6. Be3 Nh6 7. Qd2 Nf5 8.
O-O-O O-O 9. h4 Nxe3 10. fxe3 f5 11. Nc3 c5 12. Nf3 f4 13. h5 fxe3 14. Qxe3 Nc6
15. dxc5 Qa5 16. hxg6 hxg6 17. Bd3 Rf6 18. Be4 Bg4 19. Bd5+ e6 20. Bxc6 bxc6 21.
Rd7 Bxf3 22. Rxg7+ Kxg7 23. Qh6+ Kf7 24. Qh7+ Ke8 25. Qg8+ Rf8 26. Qxe6+ Kd8 27.
Qd6+ 1-0

[Event "ch-FRA Accession 2014"]
[Site "Nimes FRA"]
[Date "2014.08.21"]
[Round "5.6"]
[White "Mouhamad, Joachin"]
[Black "Buscara, Sevan"]
[Result "0-1"]
[BlackTitle "FM"]
[WhiteElo "2224"]
[BlackElo "2348"]
[WhiteFideId "656410"]
[BlackFideId "650234"]
[EventDate "2014.08.17"]
[EventType "swiss"]

1. e4 g6 2. d4 Bg7 3. Nc3 d6 4. Be3 a6 5. Nf3 b5 6. Bd3 Bb7 7. O-O Nd7 8. a4 b4
9. Ne2 c5 10. c3 bxc3 11. bxc3 Qa5 12. Bd2 Ngf6 13. Ng3 O-O 14. Qc2 e5 15. d5
Rae8 16. h3 Bc8 17. Qd1 h6 18. Qc2 Kh7 19. Rfe1 Qc7 20. a5 Ng8 21. Nf1 Ndf6 22.
Reb1 Nxe4 23. Bxe4 f5 24. Rb6 fxe4 25. Qxe4 Nf6 26. Qc4 Nh5 27. Qe4 Nf4 28. Ng3
Rf6 29. Nh2 Qf7 30. Ng4 Bxg4 31. hxg4 Nxd5 32. Rxa6 Rxf2 33. Qe1 Rf4 34. Rxd6
Rxg4 35. a6 Nf4 36. a7 Rxg3 37. Bxf4 exf4 38. a8=Q Rxa8 39. Rxa8 Re3 40. Qd2 Qe7
41. Rd3 Re2 42. Qxf4 Re1+ 43. Qf1 Rxf1+ 44. Kxf1 Qe4 45. Rad8 Qc4 46. Rd7 h5 47.
Ke2 Qe4+ 48. Kf2 Kh6 49. Rf3 Bxc3 0-1

[Event "ch-FRA Accession 2014"]
[Site "Nimes FRA"]
[Date "2014.08.21"]
[Round "5.7"]
[White "Meunier, Clement2"]
[Black "Duboue, Peio"]
[Result "1-0"]
[WhiteElo "2219"]
[BlackElo "2272"]
[WhiteFideId "20667930"]
[BlackFideId "654833"]
[EventDate "2014.08.17"]
[EventType "swiss"]

1. d4 Nf6 2. c4 e6 3. Nc3 Bb4 4. e3 O-O 5. Ne2 d5 6. a3 Be7 7. Ng3 b6 8. cxd5
Nxd5 9. Bd3 Bb7 10. O-O c5 11. Nxd5 Bxd5 12. dxc5 Bxc5 13. Qc2 h6 14. b4 Be7 15.
Bb2 Nd7 16. Rad1 Bf6 17. e4 Rc8 18. Qb1 Bc6 19. e5 Be7 20. f4 Qc7 21. Qa1 Qb7
22. Rd2 g6 23. Qb1 Kh7 24. f5 exf5 25. Nxf5 gxf5 26. Bxf5+ Kg8 27. Bh7+ Kg7 28.
Rxd7 Bxd7 29. e6+ f6 30. Qg6+ Kh8 31. Qxh6 Bc5+ 32. bxc5 Bxe6 33. Be4+ 1-0